Belgien A-Z - Statistiken

Allgemein
  • Dieses Quiz wurde 213 mal gespielt
  • Das Durchschnittsergebnis liegt bei 13 aus 25
Antwortstatistiken
# Hinweis Antwort % Korrekt
D Nachbarland Deutschland
96%
N Nachbarland Niederlande
92%
A Zweitgrößte Stadt Belgiens Zweitgrößter Hafen Europas Antwerpen
89%
X Nachbarland Enthält ein X Luxemburg
88%
U Internationale Organisation mit Sitz in Brüssel Europäische {Union}
84%
F Nördlicher Landesteil Flandern
84%
K Afrikanische Kolonie 1885-1960 Belgisch-{Kongo}
82%
J Minderheit die 1940-1945 von den deutschen Besatzern in Konzentrations- & Vernichtungslager deportiert wurde Juden
76%
P Weitverbreitete Beilage mit ursprung in Belgien Pommes Frites
76%
R Reich das Belgien 57-51 v.Chr. eroberte {Römisches} Reich
74%
B Wichtiges Fernhandelszentrum im Mittelalter bekannt für seine von Kanälen durchzogene Altstadt "Venedig des Nordens" Brügge
72%
W Südlicher Landesteil Wallonie
64%
S Land zu dem Belgien von ca. 1500-1714 gehörte Spanien
53%
C z.B. Gaston, Marsupilami Comic
41%
Y Premierminister von Belgien 2009-2011 {Yves} Leterme
35%
L Belgische Provinz mit dem selben Namen wie die angrenzende Provinz von #N Limburg
34%
E Von #D 1920 gewonnenes Gebiet Eupen
28%
T Im Hochmittelalter und der frühen Neuzeit war Flandern neben Norditalien Zentrum dieser Industrie {Tuch}industrie
26%
O Region mit vielen deutschen Muttersprachlern Ostbelgien
22%
Z Am Meer gelegener Ortsteil von #B Zeebrugge
22%
M Von #D 1920 gewonnenes Gebiet Malmedy
18%
V Vom #D an Belgien abgetretenes Territorium das mehrere Enklaven in Belgien erzeugt {Venn}bahn
17%
I Belgisches Bier wird von der UNESCO als diese Art von Kulturerbe eingestuft {immaterielles} Kulturerbe
16%
G Benachbarte französische Provinz Grand Est
12%
H Belgische Exklave(n) in Baarle-Nassau Baarle-{Hertog}
8%
Keine übereinstimmenden Quizze gefunden
Verteilung der Resultate
Anzahl Personen mit jedem Resultat
Perzentil nach korrekt beantworteten Fragen
Ihre Resultats-Entwicklung
Sie haben dieses Quiz noch nicht gespielt